A Community Economic Development (CED) training guide for Peace Corps volunteers.

Bibliographic Details
Corporate Author: Peace Corps (U.S.)
Format: Government Document Book
Language:English
Published: [Washington, D.C.] : Peace Corps, 2002.
Series:Information Collection and Exchange publication no. ; M 0069
Subjects:
Online Access:https://purl.fdlp.gov/GPO/LPS26138

MARC

Tag First Indicator Second Indicator Subfields
LEADER 00000cam a2200000Ka 4500
001 in00001728821
005 20211202195127.0
006 m d f
008 030124s2002 dcu s f000 0 eng d
035 |a (OCoLC)ocm51512588 
040 |a GPO  |c GPO  |d MvI  |d UtOrBLW 
049 |a WWW 
074 |a 0074-E (online) 
086 0 |a PE 1.10:M 0069 
245 0 2 |a A Community Economic Development (CED) training guide for Peace Corps volunteers. 
264 1 |a [Washington, D.C.] :  |b Peace Corps,  |c 2002. 
336 |a text  |b txt  |2 rdacontent 
337 |a computer  |b c  |2 rdamedia 
338 |a unspecified  |b zu  |2 rdacarrier 
490 0 |a Information Collection and Exchange publication no. ;  |v M 0069 
538 |a System requirements: Adobe Acrobat Reader. 
538 |a Mode of access: Internet from the Peace Corps web site. Address as of 01/24/03: http://www.peacecorps.gov/library/pdf/M0069c̲edcomplete.pdf; current access is available via PURL. 
500 |a Title from title screen (viewed on January 24, 2003). 
500 |a Electronic resource. 
610 2 0 |a Peace Corps (U.S.)  |v Handbooks, manuals, etc. 
650 0 |a Volunteer workers in community development  |v Handbooks, manuals, etc. 
710 2 |a Peace Corps (U.S.) 
856 4 0 |u https://purl.fdlp.gov/GPO/LPS26138  |t 0 
999 |a MARS 
999 f f |s f944d281-af08-30d6-b1d9-6f58e23111de  |i bb407419-9e39-3c6a-827d-4547faf825a9  |t 0 
952 f f |a Texas A&M University  |b College Station  |c Electronic Resources  |d Available Online  |t 0  |e PE 1.10:M 0069  |h Superintendent of Documents classification 
998 f f |a PE 1.10:M 0069  |t 0  |l Available Online